Batailles de l'histoire de France de A à Z - Statistiques

Statistiques générales
  • Ce quiz a été pris 571 fois
  • Le résultat moyen est 9 sur 25
Statistiques - réponses
Lettre Bataille Date % Correct
V Verdun 1916
83%
A Azincourt 1415
77%
G Gergovie -52
66%
I Iéna 1806
62%
N Normandie 1944
61%
S Sedan 1870
58%
B Bouvines 1214
56%
D Dien Bien Phu 1954
51%
H Hastings 1066
49%
C Chemin des dames 1917
46%
W Wagram 1809
45%
E Eylau 1807
43%
L Leipzig 1813
38%
O Orléans 1428
38%
U Ulm 1805
38%
P Pyramides 1798
20%
T Tolbiac 498
20%
R Roncevaux 778
19%
M Magenta 1859
16%
F Fleurus 1794
13%
Y Yorktown 1781
10%
Z Zurich 1799
7%
Q Quiberon 1795
5%
J Jumonville 1754
1%
K Kloster Kampen 1760
1%
Aucun quiz correspondant
Distribution des résultats
% des personnes avec chaque résultat
Percentile par nombre de réponses
Votre historique - résultats
Vous n’avez pas pris ce quiz